La vida de... : (Record no. 2702)
[ view plain ]
| 000 -CABECERA | |
|---|---|
| campo de control de longitud fija | 00656cam a2200181 a 4500 |
| 001 - NÚMERO DE CONTROL | |
| campo de control | 000002868 |
| 005 - FECHA Y HORA DE LA ÚLTIMA TRANSACCIÓN | |
| campo de control | 20200929150256.0 |
| 008 - DATOS DE LONGITUD FIJA--INFORMACIÓN GENERAL | |
| campo de control de longitud fija | 810716s1981 pr 000 f spa |
| 040 ## - FUENTE DE LA CATALOGACIÓN | |
| Centro catalogador/agencia de origen | DO-SdBNP |
| Centro/agencia transcriptor | DLC |
| Centro/agencia modificador | DLC |
| 082 ## - NÚMERO DE LA CLASIFICACIÓN DECIMAL DEWEY | |
| Número de clasificación | PR863.44 |
| Número de documento/Ítem | D671v |
| 100 1# - ENTRADA PRINCIPAL--NOMBRE DE PERSONA | |
| Nombre de persona | Domínguez de Leon, Ricardo A., |
| Fechas asociadas al nombre | 1955- |
| 9 (RLIN) | 9112 |
| 245 13 - MENCIÓN DE TÍTULO | |
| Título | La vida de... : |
| Resto del título | una novela para el pueblo de alguien del pueblo que se salió del pueblo / |
| Mención de responsabilidad, etc. | Ricardo A. Domínguez de León. |
| 260 ## - PUBLICACIÓN, DISTRIBUCIÓN, ETC. | |
| Lugar de publicación, distribución, etc. | Hato Rey, Puerto Rico : |
| Nombre del editor, distribuidor, etc. | Publigraph, |
| Fecha de publicación, distribución, etc. | 1981. |
| 300 ## - DESCRIPCIÓN FÍSICA | |
| Extensión | 322 p. ; |
| Dimensiones | 13 cm. |
| 650 #4 - PUNTO DE ACCESO ADICIONAL DE MATERIA--TÉRMINO DE MATERIA | |
| Término de materia o nombre geográfico como elemento de entrada | Novela puertoriqueña |
| 9 (RLIN) | 9113 |
| 650 #4 - PUNTO DE ACCESO ADICIONAL DE MATERIA--TÉRMINO DE MATERIA | |
| Término de materia o nombre geográfico como elemento de entrada | Literatura puertoriqueña |
| 9 (RLIN) | 6540 |
| 910 ## - DATOS DE OPCIÓN DEL USUARIO (OCLC) | |
| Datos de opción del usuario | Catalogación por copia / LC |
| Estado de retiro | Estado de pérdida | Restricciones de uso | No para préstamo | Código de colección | Localización permanente | Ubicación/localización actual | Ubicación en estantería | Fecha de adquisición | Número de inventario | Total de préstamos | Signatura topográfica completa | Código de barras | Fecha visto por última vez | Precio válido a partir de | Tipo de ítem Koha |
|---|---|---|---|---|---|---|---|---|---|---|---|---|---|---|---|
| Préstamo interno | Monografías: Libros y Folletos | General | General | En catalogación | 04.07.2009 | LF1 | PR863.44 D671v | 2868-10 | 25.06.2020 | 25.06.2020 | Préstamo interno |
